NP General Knowledge - Statistics

General Stats
  • This quiz has been taken 1,838 times
  • The average score is 5 of 12
Answer Stats
Hint Answer % Correct
1. Which state has the abbreviation of AZ? Arizona
96%
3. First female prime minister of England? Margaret Thatcher
85%
4. What was nickname of the answer to question 3? The Iron Lady
69%
6. Who was the star of 'The Terminal'? Tom Hanks
59%
11. What is the first word of the NIV bible? In
38%
9. Who player Richard in F.R.I.E.N.D.S? Tom Selleck
35%
5. What chapter in the bible starts with 'K'? Kings
29%
8. How many players are in an NFL roster? 53
23%
12. Who plays Michael Scofield in Prison Break? Wentworth Miller
10%
10. What is Albus Dumbledores full name? Albus Percival Wulfric Brian Dumbledore
9%
7. Who was the origInal lead singer of 'Angels and Airwaves'? Tom Delonge
7%
2. Where do Blackpool FC play home games? Bloomfield Road
5%
No matching quizzes found
Score Distribution
Percent of People with Each Score
Percentile by Number Answered
Your Score History
You have not taken this quiz